000 00700nam a2200217 i 4500
001 68953
003 ES-MaACL
005 20250827062613.0
007 t|
008 040817s1956 sp ||||1| spa d
080 _a395(460)
110 1 _aEspaña
_93622
240 1 0 _aLeyes, etc.
245 1 0 _aHonores y ceremonial
_b: [disposiciones vigentes que señalan los honores, tratamientos, precedencia de las diversas autoridades] /
_cLic. S.M. [seud.].
260 _aLa Coruña :
_bMoret,
_c1956.
300 _a160 p. ;
_c25 cm.
650 1 4 _aCeremonial-
_zEspaña.
_910909
700 1 _aSanjurjo de Carricarte, Eduardo.
_9103173
852 _aES-MaACL
_jC-11725
_bR.39329
999 _c68953
_d68953